Agricultural Development in Punjab and Haryana; (Record no. 187219)

MARC details
000 -LEADER
fixed length control field 00657nam a22001817a 4500
005 - DATE AND TIME OF LATEST TRANSACTION
control field 20220406135416.0
010 ## - LCCN (DPL NO)
LC control number ENG-132240
020 ## - INTERNATIONAL STANDARD BOOK NUMBER
International Standard Book Number 9789383723522
Terms of availability 595.00
035 ## - SYSTEM CONTROL NUMBER
System control number EN-115772
037 ## - SOURCE OF ACQUISITION
Source of stock number/acquisition DBAD/PUB
082 ## - DEWEY DECIMAL CLASSIFICATION NUMBER
Classification number 338.1018954
100 ## - MAIN ENTRY--PERSONAL NAME
Personal name SHARMA ,VARINDER
245 ## - TITLE STATEMENT
Title Agricultural Development in Punjab and Haryana;
Remainder of title Achievements and Challenges
Statement of responsibility, etc Varinder Sharma
260 ## - PUBLICATION, DISTRIBUTION, ETC. (IMPRINT)
Place of publication, distribution, etc Delhi
Name of publisher, distributor, etc LG PUBLISHERS DISTRIBUTORS
Date of publication, distribution, etc 2019
270 ## - ADDRESS
Address 49, street no.14, pratap nagar mayur vihar phase I, Delhi
City Delhi
Postal code 110091
Electronic mail address lgpdist@gmail.com
300 ## - PHYSICAL DESCRIPTION
Extent 200p.
Other physical details Index, Bibliography
Dimensions 23cm(hbk)
942 ## - ADDED ENTRY ELEMENTS (KOHA)
Source of classification or shelving scheme Dewey Decimal Classification
Item type English Books
Call number suffix SHA
Classification part 338.1018954
Holdings
Withdrawn status Lost status Not for loan Collection code Home library Current library Date acquired Source of acquisition Cost, normal purchase price Full call number Barcode Copy number Cost, replacement price Koha item type
      Non-fiction Central Library Central Library 06/04/2022 DBAD/PUB 595.00 338.1018954 SHA EN-115772 1 595.00 English Books

© Delhi Public Library
Hit Counter
free hit counter